|
|
|
|
| LEADER |
01065nam a2200313 a 4500 |
| 001 |
000600795 |
| 003 |
CZ BrMZK |
| 005 |
20091123102431.0 |
| 007 |
ta |
| 008 |
020516s2002 xr e cze d |
| 015 |
|
|
|a cnb001121680
|
| 020 |
|
|
|a 80-86067-63-7
|
| 035 |
|
|
|a (OCoLC)51188558
|
| 040 |
|
|
|a BOA001
|b cze
|
| 043 |
|
|
|a e-xr---
|b e-xr-us
|2 czenas
|
| 045 |
|
|
|a q5y0
|
| 072 |
|
7 |
|a 94(430/439)
|x Dějiny zemí střední Evropy
|2 Konspekt
|9 8
|
| 080 |
|
|
|a 94(437.315)
|2 MRF
|
| 080 |
|
|
|a (048.8)
|2 MRF
|
| 100 |
1 |
|
|a Rak, Petr,
|d 1960-
|7 xx0003069
|4 aut
|
| 245 |
1 |
0 |
|a Chomutov 1252-2002 :
|b vybraná data ze 750 let historie města /
|c Petr Rak ; kresby Jaroslav Pachner
|
| 260 |
|
|
|a Chomutov :
|b Město Chomutov,
|c 2002
|
| 300 |
|
|
|a 195 s. :
|b il. ;
|c 23 cm
|
| 504 |
|
|
|a Obsahuje bibliografii
|
| 655 |
|
7 |
|a chronologické přehledy
|7 fd131969
|2 czenas
|
| 651 |
|
7 |
|a Chomutov (Česko)
|7 ge128939
|x dějiny
|2 czenas
|
| 910 |
|
|
|a BOA001
|b 2-1103.322
|
| 990 |
|
|
|a BK
|
| 996 |
6 |
|
|b 2610161425
|c 2-1103.322
|l MZK
|r Sklad / do 1 hodiny
|n 3
|p p.v.
|w 000600795
|u 000010
|a 1
|e BOA001
|j MZK50
|s P
|